000
00208nam a22000977a 4500
999
_c
15877
_d
15877
003
OSt
008
191022b ||||| |||| 00| 0 eng d
100
_a
Bhaskaran, P.
_9
4368
245
_a
Orikal koodi
942
_c
BK